Представление документа в формате MARC21

Поле Инд. ПП Название Значение
Тип записи a
Библиографический уровень m
001 Контрольный номер RU/IS/BASE/382180396
005 Дата корректировки 20230228093452.9
040 b Код языка каталог. rus
041 0_ a Код языка текста rus
080 a Индекс УДК 004.42
084 a Индекс другой классификации/Индекс ББК 32.973
090 a Полочн. индекс 681.3
x Авторский знак П78
097 b Оператор 11
245 10 a Заглавие Программирование и вычислительная техника в физическом эксперименте
b Продолж. заглавия сборник статей
c Ответственность отв. ред. Д. В. Скобельцын
260 a Место издания М.
b Издательство Наука
c Дата издания 1969
300 a Объем 134 с.
b Иллюстрации/ тип воспроизводства черт.
440 _0 a Серия Труды Физического института им. П. Н. Лебедева
n Номер части Т. 45
510 0_ a Примечание о ссылках Книги и методические пособия
650 04 a Основная рубрика 50.05 Теоретические основы программирования
x Основная подрубрика 50.05.03 Общетеоретические вопросы программирования
653 0_ a Ключевые слова программирование; физический эксперимент; применение ЭВМ; вычислительная техника; цифровые вычислительные машины
901 t Тип документа m